El gran libro de Kung fu wushu (Registro nro. 3181)
[ vista simple ]
| 000 -Cabecera | |
|---|---|
| Campo de control de longitud fija | 00654aam a2200277 4500 |
| 005 - Fecha y hora de la última transacción | |
| Campo de control | 20260410165905.0 |
| 008 - Elementos de longitud fija--Información general | |
| Campo de control de longitud fija | 150630b2007 xxu||||| |||| 00| 0 spa d |
| 020 ## - International Standard Book Number | |
| Número Internacional Estándar del Libro (ISBN) | 9788431533823 |
| 041 ## - Idioma | |
| Código de idioma | Español |
| 082 ## - Clasificación Decimal Dewey | |
| Número de clasificación | 796.8159 IT89g |
| 100 ## - Entrada principal--Autor personal | |
| Nombre personal | Iter, Roger |
| 9 (RLIN) | 27307 |
| 245 ## - Título propiamente dicho | |
| Título | El gran libro de Kung fu wushu |
| 260 ## - Pie de imprenta | |
| Lugar de publicación, distribución, etc. | México |
| 260 ## - Pie de imprenta | |
| Nombre del editor, distribuidor, etc. | De Vecchi |
| 260 ## - Pie de imprenta | |
| Fecha de publicación, distribución, etc. | 2007 |
| 300 ## - Descripción física | |
| Extensión | 344 páginas |
| 490 ## - Serie | |
| Título de la Serie | Temática General |
| 650 ## - Materia general | |
| Temática (materia general) | KUNG FU |
| 650 ## - Materia general | |
| Temática (materia general) | ARTES MARCIALES |
| 650 ## - Materia general | |
| Temática (materia general) | WUSHU |
| 650 ## - Materia general | |
| Temática (materia general) | PRACTICAS WUCHNGE |
| 650 ## - Materia general | |
| Temática (materia general) | BOYEO LARGO |
| 650 ## - Materia general | |
| Temática (materia general) | HISTORIA DEL BOXEO |
| 650 ## - Materia general | |
| Temática (materia general) | ARMAS |
| 942 ## - Punto de acceso adicional KOHA | |
| Tipo de ítem KOHA | Libro |
| Fuente del sistema de clasificación o colocación | Dewey Decimal Classification |
| Signatura completa | Código de barras | Programa Académico | Tipo de ítem |
|---|---|---|---|
| 796.8159 IT89g | 17909 | Temática General | Libro |